|
|
|
|
| LEADER |
02082nam a2200505 i 4500 |
| 001 |
nkc20152709150 |
| 003 |
CZ PrNK |
| 005 |
20150811144642.0 |
| 007 |
ta |
| 008 |
150715s2015 xr a f m 000 0 cze |
| 015 |
|
|
|a cnb002709150
|
| 020 |
|
|
|a 978-80-01-05754-4
|q (brožováno)
|
| 035 |
|
|
|a (OCoLC)920662845
|
| 040 |
|
|
|a ABA001
|b cze
|e rda
|
| 041 |
0 |
|
|a cze
|b cze
|b eng
|
| 072 |
|
7 |
|a 699.8
|x Ochrana budov
|2 Konspekt
|9 19
|
| 080 |
|
|
|a 699.82
|2 MRF
|
| 080 |
|
|
|a 69.059.25
|2 MRF
|
| 080 |
|
|
|a (043.5:042.3)
|2 MRF
|
| 100 |
1 |
|
|a Pazderka, Jiří,
|d 1979-
|7 ctu2013774258
|4 aut
|
| 245 |
1 |
0 |
|a Nová technická řešení pro sanaci spodní stavby vlhkých budov =
|b New technical solutions for rehabilitation of ground part of moist buildings /
|c Jiří Pazderka
|
| 246 |
3 |
1 |
|a New technical solutions for rehabilitation of ground part of moist buildings
|
| 264 |
|
1 |
|a V Praze :
|b České vysoké učení technické,
|c 2015
|
| 300 |
|
|
|a 28 stran :
|b ilustrace (převážně barevné) ;
|c 21 cm
|
| 336 |
|
|
|a text
|b txt
|2 rdacontent
|
| 337 |
|
|
|a bez média
|b n
|2 rdamedia
|
| 338 |
|
|
|a svazek
|b nc
|2 rdacarrier
|
| 490 |
1 |
|
|a Habilitační přednášky ;
|v 14/2015
|
| 500 |
|
|
|a Nad názvem: České vysoké učení technické v Praze, Fakulta stavební
|
| 500 |
|
|
|a 59 výtisků
|
| 504 |
|
|
|a Obsahuje bibliografie
|
| 546 |
|
|
|a České a anglické resumé
|
| 650 |
0 |
7 |
|a ochrana budov proti vlhkosti
|7 ph136889
|2 czenas
|
| 650 |
0 |
7 |
|a sanační technologie
|7 ph556161
|2 czenas
|
| 650 |
0 |
9 |
|a moisture protection of buildings
|2 eczenas
|
| 650 |
0 |
9 |
|a remediation technologies
|2 eczenas
|
| 655 |
|
7 |
|a habilitační přednášky
|7 fd187328
|2 czenas
|
| 655 |
|
9 |
|a habilitation lectures
|2 eczenas
|
| 710 |
2 |
|
|a České vysoké učení technické v Praze.
|b Stavební fakulta
|7 kn20010710181
|4 isb
|
| 810 |
2 |
|
|a České vysoké učení technické v Praze.
|t Habilitační přednášky
|0 s
|
| 910 |
2 |
|
|a BOA001
|b 2-1350.869
|
| 990 |
|
|
|a BK
|
| 995 |
|
|
|a 01
|
| 991 |
|
|
|b 201508
|c NOV
|e n
|
| 996 |
6 |
|
|b 2610641449
|c 2-1350.869
|l MZK
|r Sklad / do 1 hodiny
|n 1
|p p.v.
|w 001517856
|u 000010
|a 1
|e BOA001
|j MZK50
|s P
|